[Event "FRA-chT 0102 U18"]
[Site "France"]
[Date "2002.??.??"]
[Round "4.5"]
[White "Blum, Nicolas"]
[Black "Glaziou, Thibaud"]
[Result "1-0"]
[WhiteElo "1740"]
[BlackElo "1009"]
[PlyCount "49"]
[EventDate "2001.10.??"]
[EventType "team-tourn"]
[EventRounds "11"]
[EventCountry "FRA"]
[SourceTitle "EXT 2003"]
[Source "ChessBase"]
[SourceDate "2002.11.25"]
[SourceVersion "1"]
[SourceVersionDate "2002.11.25"]
[SourceQuality "1"]
[WhiteTeam "Mulhouse"]
[BlackTeam "Livry Gargan"]
[WhiteTeamCountry "FRA"]
[BlackTeamCountry "FRA"]

1. c4 e5 2. Nc3 d6 3. g3 Bf5 4. Bg2 Nf6 5. Bxb7 Nbd7 6. Bxa8 Qxa8 7. Nf3 e4 8. Nh4 e3 9. f3 exd2+ 10. Bxd2 Bg4 11. Nb5 Qc6 12. Qa4 Be7 13. Qxa7 Nd5 14. cxd5 Qxb5 15. Qa8+ Bd8 16. fxg4 0-0 17. Qc6 Qxb2 18. Bc3 Qc2 19. Nf5 Re8 20. Nd4 Qe4 21. Rf1 Bf6 22. Qxd7 Bxd4 23. Qxf7+ Kh8 24. Qf8+ Rxf8 25. Rxf8# 1-0

[Event "FRA-chT 0102 U18"]
[Site "France"]
[Date "2002.??.??"]
[Round "5.5"]
[White "Glaziou, Thibaud"]
[Black "Feller, Sebastien"]
[Result "0-1"]
[WhiteElo "1009"]
[BlackElo "1970"]
[PlyCount "80"]
[EventDate "2001.10.??"]
[EventType "team-tourn"]
[EventRounds "11"]
[EventCountry "FRA"]
[SourceTitle "EXT 2003"]
[Source "ChessBase"]
[SourceDate "2002.11.25"]
[SourceVersion "1"]
[SourceVersionDate "2002.11.25"]
[SourceQuality "1"]
[WhiteTeam "Livry Gargan"]
[BlackTeam "Vandoeuvre"]
[WhiteTeamCountry "FRA"]
[BlackTeamCountry "FRA"]

1. e4 e6 2. d4 d5 3. e5 c5 4. c3 Nc6 5. Nf3 Qb6 6. Be3 cxd4 7. cxd4 Qxb2 8. Nbd2 Bb4 9. Bb5 Bxd2+ 10. Bxd2 Qxb5 11. Rb1 Qc4 12. Qb3 Qxb3 13. Rxb3 Nge7 14. Nh4 Nxd4 15. Rc3 Ndf5 16. Bg5 Nxh4 17. Bxh4 Ng6 18. Bg3 0-0 19. 0-0 Bd7 20. Rfc1 Rac8 21. Rxc8 Rxc8 22. Re1 h6 23. f4 Rc2 24. Bf2 Rxa2 25. Rc1 Nxf4 26. Kf1 Rxf2+ 27. Kxf2 Nd3+ 28. Ke2 Nxc1+ 29. Kd2 Kf8 30. Kxc1 Ke7 31. Kc2 a5 32. Kb2 b5 33. Kb3 b4 34. Kb2 Ba4 35. Ka1 d4 36. Kb1 d3 37. Kc1 b3 38. Kb2 d2 39. Ka3 d1Q 40. Kb2 Qc2+ 0-1

[Event "FRA-chT 0102 U18"]
[Site "France"]
[Date "2002.??.??"]
[Round "7.6"]
[White "Viville, Simon"]
[Black "Glaziou, Thibaud"]
[Result "1-0"]
[WhiteElo "1400"]
[BlackElo "1009"]
[PlyCount "99"]
[EventDate "2001.10.??"]
[EventType "team-tourn"]
[EventRounds "11"]
[EventCountry "FRA"]
[SourceTitle "EXT 2003"]
[Source "ChessBase"]
[SourceDate "2002.11.25"]
[SourceVersion "1"]
[SourceVersionDate "2002.11.25"]
[SourceQuality "1"]
[WhiteTeam "Bischwiller"]
[BlackTeam "Livry Gargan"]
[WhiteTeamCountry "FRA"]
[BlackTeamCountry "FRA"]

1. e4 e5 2. Nf3 d6 3. d4 Bg4 4. dxe5 Bxf3 5. Qxf3 dxe5 6. Bc4 f6 7. Bg5 Be7 8. Bd2 Nc6 9. Nc3 Qd7 10. 0-0-0 0-0-0 11. Bh6 Nd4 12. Bxg7 Nxf3 13. Rxd7 Rxd7 14. Be6 Nd4 15. Bxd7+ Kxd7 16. Bxh8 Bb4 17. Nd5 Ne2+ 18. Kd1 c6 19. Nxb4 Nd4 20. Kd2 c5 21. Nd5 Nh6 22. Bxf6 Ke6 23. Bg5 Nf7 24. Be3 Nc6 25. Bxc5 Ng5 26. f3 b6 27. Be3 Nf7 28. Nc7+ Kd6 29. Nb5+ Kd7 30. Rd1 Ke6 31. Ke2 Ke7 32. c4 Kf8 33. c5 bxc5 34. Bxc5+ Ne7 35. Bxe7+ Kxe7 36. Nxa7 Nd8 37. Rxd8 Kxd8 38. g4 Ke7 39. b4 Kf7 40. b5 Kg6 41. h4 h5 42. b6 hxg4 43. fxg4 Kf6 44. b7 Ke6 45. b8Q Kf6 46. Qe8 Kg7 47. g5 Kh7 48. h5 Kg7 49. Qe7+ Kg8 50. h6 1-0

[Event "FRA-chT 0102 U18"]
[Site "France"]
[Date "2001.11.??"]
[Round "3.6"]
[White "Glaziou, Thibaud"]
[Black "Barbuti, Claire"]
[Result "0-1"]
[WhiteElo "1009"]
[BlackElo "1370"]
[PlyCount "54"]
[EventDate "2001.10.??"]
[EventType "team-tourn"]
[EventRounds "11"]
[EventCountry "FRA"]
[SourceTitle "EXT 2003"]
[Source "ChessBase"]
[SourceDate "2002.11.25"]
[SourceVersion "1"]
[SourceVersionDate "2002.11.25"]
[SourceQuality "1"]
[WhiteTeam "Livry Gargan"]
[BlackTeam "Paris NAO"]
[WhiteTeamCountry "FRA"]
[BlackTeamCountry "FRA"]

1. e4 e5 2. Nf3 Nc6 3. Nc3 Nf6 4. Bb5 Bb4 5. Bxc6 Bxc3 6. 0-0 bxc6 7. bxc3 Nxe4 8. Nxe5 Qf6 9. Nf3 0-0 10. Rb1 d5 11. Re1 Ba6 12. d4 Nxc3 13. Qd2 Nxb1 14. Qf4 Qxf4 15. Bxf4 Na3 16. Ng5 Rfe8 17. Be5 Nxc2 18. Rc1 Rab8 19. h3 f6 20. Bxc7 Rb2 21. g4 fxg5 22. f4 h6 23. h4 gxh4 24. g5 Nxd4 25. gxh6 Ne2+ 26. Kf1 Nxc1+ 27. Kg1 Re1# 0-1